Countries Starting With A, B, C And D - Statistics

General Stats
  • This quiz has been taken 314 times
  • The average score is 42 of 48
Answers on the Map
Answers color-coded by a green-red scale on the quiz's map according to % correct below.
 
Answer Stats
Country % Correct
Australia
97%
Denmark
95%
Albania
94%
Canada
94%
Afghanistan
93%
Algeria
93%
Angola
93%
Armenia
93%
Austria
93%
Bolivia
93%
Argentina
92%
Azerbaijan
92%
Belgium
91%
Botswana
91%
Brazil
91%
Chile
91%
Colombia
91%
Dominican Republic
91%
Andorra
90%
Bahamas
90%
Belarus
90%
Dominica
90%
Cuba
89%
Bulgaria
88%
Cambodia
88%
China
88%
Antigua and Barbuda
87%
Benin
87%
Bhutan
87%
Bosnia and Herzegovina
87%
Chad
87%
Bangladesh
86%
Barbados
86%
Belize
86%
DR Of Congo
86%
Croatia
85%
Bahrain
84%
Cameroon
84%
Djibouti
84%
Comoros
83%
Czech Republic
83%
Brunei
82%
Burundi
82%
Costa Rica
82%
Central African Republic
81%
Cyprus
81%
Cape Verde
78%
Burkina Faso
75%
No matching quizzes found
Score Distribution
Percent of People with Each Score
Percentile by Number Answered
Your Score History
You have not taken this quiz